000 00472nam a22001697a 4500
005 20251108165319.0
008 250721s1996 xx 000 0 ara d
082 1 4 _a633.3/دجو
100 1 _aالدجوى، علي
245 1 0 _aمحاصيل البقول /
264 1 _aالقاهرة :
_bمكتبة مدبولي،
_c1996.
300 _a159ص
490 0 _aسلسلة المكتبة الزراعية
650 1 7 _aالبقول
942 _2ddc
_cBK
999 _c24840
_d24840